| 000 | 00358 a2200157 4500 | ||
|---|---|---|---|
| 001 | 18079 | ||
| 020 | _a9788575039342 | ||
| 040 | _cAnchieta - Bela Vista | ||
| 100 | _aVolpato, Cadão | ||
| 240 | 1 | 0 |
_aMeu filho, meu besouro _lpor |
| 245 | 1 | 0 | _aMeu filho, meu besouro |
| 300 | _a40 | ||
| 362 | 0 | _a2011 | |
| 650 | 4 | _aLiteratura infanto-juvenil | |
| 942 | _cBK | ||
| 999 |
_c18079 _d18079 |
||